| 000 | 01111 a2200265 4500 | ||
|---|---|---|---|
| 999 |
_c6785 _d6785 |
||
| 020 | _a0471160784 (cloth : acidfree paper) | ||
| 050 | 0 | 0 | _aHD62.5 BYG 1997 |
| 100 | 1 |
_aBygrave, William D., _d1937- _eauthor |
|
| 245 | 1 | 4 |
_aThe portable MBA in entrepreneurship / _cWilliam D. Bygrave. |
| 250 | _a2nd ed. | ||
| 264 |
_aNew York: _bJohn Wiley and sons, _c1997 |
||
| 300 |
_axv, 510 p. : _bill. ; |
||
| 440 | 4 | _aThe portable MBA series | |
| 500 | _aIncludes index. | ||
| 504 | _aIncludes bibliographical references (p. 489-494) and index. | ||
| 650 | 0 | _aNew business enterprises. | |
| 650 | 0 |
_aSmall business _xManagement. |
|
| 650 | 0 | _aVenture capital. | |
| 650 | 0 | _aEntrepreneurship. | |
| 856 | 4 | 2 |
_3Publisher description _uhttp://www.loc.gov/catdir/description/wiley032/96043971.html |
| 856 | 4 |
_3Table of Contents only _uhttp://www.loc.gov/catdir/toc/onix03/96043971.html |
|
| 856 | 4 | 2 |
_3Contributor biographical information _uhttp://www.loc.gov/catdir/enhancements/fy0607/96043971-b.html |
| 942 |
_2lcc _cBK _h62.5 _iBYG _kHD |
||